00550cam a22001452 4500001001100000005001700011008004100028040001500069100003500084245013100119260004100250300003100291502004500322650003700367000002341820151217161556.0121127s xx 000 0 eng d aKABUcKABU1 aTaragon, Geoffrey.@000018280110aUtilisation of micro finance institutions funds by borrowers in arid and semi-arid lands in Kenya :ba survey of Maralal town. aNakuru :bKabarak University,c2012. axi, 39 leaves +e1 CD-ROM. aThesis (MBA) - Kabarak University, 2012. 0aMicrofinancezKenya.@0000182793